| 000 | 00487nam a2200157 i 4500 | ||
|---|---|---|---|
| 001 | 100770 | ||
| 003 | ES-MaACL | ||
| 005 | 20230906182739.0 | ||
| 007 | t| | ||
| 008 | 051005s1973 sp ||||1| spa d | ||
| 100 | 1 |
_aMataix, Claudio. _978908 |
|
| 245 | 1 | 0 |
_aTurbomáquinas térmicas _b: Turbinas de vapor. Turbinas de gas. Turbocompresores / _cClaudio Mataix Plana. |
| 260 |
_aMadrid : _bDossat, _c1973. |
||
| 300 |
_a1032 p. : _bil. ; _c25 cm. |
||
| 852 |
_aES-MaACL _jE-7597 _bR.92097 |
||
| 999 |
_c100770 _d100770 |
||